Sistemas de pararrayos: física y diseño en ingeniería
محفوظ في:
| المؤلف الرئيسي: | |
|---|---|
| مؤلفون آخرون: | , , , |
| التنسيق: | غير معروف |
| منشور في: |
[San José], Costa Rica
2019
|
| الموضوعات: |
EDIFICIOS COMERCIALES - DISEÑO - METODOLOGIA - CARTAGO (COSTA RICA)
> DESCARGAS ELECTRICAS - PROTECCION
> CONEXION A TIERRA (ELECTRICIDAD)
> VIVIENDA - DISEÑO - METODOLOGIA - SAN RAMON (ALAJUELA, COSTA RICA)
> PLANTAS INDUSTRIALES - DISEÑO - METODOLOGIA - SAN JOSE (COSTA RICA)
> RAYOS ATMOSFERICOS - PROTECCION
> PARARRAYOS - DISEÑO - NORMAS
> DESCARGAS ELECTRICAS - PROTECCION
|
| الوسوم: |
إضافة وسم
لا توجد وسوم, كن أول من يضع وسما على هذه التسجيلة!
|
MARC
| LEADER | 00000 a2200000 4500 | ||
|---|---|---|---|
| 003 | 013139 | ||
| 005 | 20230508143458.0 | ||
| 008 | 140114s2019 c a m 000 ||s d | ||
| 040 | |c cru CEDI | ||
| 100 | |a Morera Granados, David Saúl, 1989- |9 526 | ||
| 245 | |a Sistemas de pararrayos: física y diseño en ingeniería | ||
| 260 | |a [San José], Costa Rica |c 2019 | ||
| 500 | |a Seminario de graduación (licenciatura en ingeniería eléctrica)--Universidad de Costa Rica. Facultad de Ingeniería. Escuela de Ingeniería Eléctrica | ||
| 501 | |a Director de Proyecto de Graduación:Ing. Jorge Arturo Romero Chacón, Ph. D. | ||
| 650 | |x EDIFICIOS COMERCIALES - DISEÑO - METODOLOGIA - CARTAGO (COSTA RICA) |x DESCARGAS ELECTRICAS - PROTECCION |x CONEXION A TIERRA (ELECTRICIDAD) |x VIVIENDA - DISEÑO - METODOLOGIA - SAN RAMON (ALAJUELA, COSTA RICA) |x PLANTAS INDUSTRIALES - DISEÑO - METODOLOGIA - SAN JOSE (COSTA RICA) |x RAYOS ATMOSFERICOS - PROTECCION |x PARARRAYOS - DISEÑO - NORMAS |x DESCARGAS ELECTRICAS - PROTECCION | ||
| 700 | |9 527 |a Ramos Ulate, Daniel, 1989- | ||
| 700 | |9 528 |a Sibaja Tencio, Gustavo Alonso, 1988- | ||
| 700 | |9 529 |a Coto Chacón, Fabio Enrique, 1975- | ||
| 700 | |9 359 |a Romero Chacón, Jorge Arturo, 1961- |d Director del TFG | ||
| 942 | |c CEDI |h TFG 8289 |6 TFG_8289_000000000000000 | ||
| 999 | |c 12965 |d 12965 | ||
